| 000 | 00630cam a2200193 a 4500 | ||
|---|---|---|---|
| 020 | _a1558150781 | ||
| 020 | _a1558150935 (pbk.) | ||
| 040 | _cDLC | ||
| 082 | 0 | 0 | _a338 DIS 1991 A013 Or. |
| 245 | 0 | 0 |
_aTransitions in development : _bthe role of aid and commercial flows / |
| 260 |
_aSan Francisco, Calif. : _bICS Press; _aLanham, Md.: _bDistributed by National Book Network, _cc1991. |
||
| 300 |
_axx, 535 p. ; _c25 cm. |
||
| 500 | _a"An International Center for Economic Growth publication." | ||
| 650 | 0 | _aEconomic assistance | |
| 650 | 0 | _aCapital movements | |
| 700 | 1 | _aLele, Uma J. | |
| 700 | 1 | _aNabi, Ijaz. | |
| 942 | _cEK | ||
| 999 |
_c13215 _d13215 |
||